Normal view
MARC view
- Materyal ve Etkinlik Yarışması
Entry Meeting Name
001 - CONTROL NUMBER
- control field: 122557
003 - CONTROL NUMBER IDENTIFIER
- control field: TR-AnTOB
005 - DATE AND TIME OF LATEST TRANSACTION
- control field: 20241107104216.0
008 - FIXED-LENGTH DATA ELEMENTS
- fixed length control field: 181112n|eacannaab| |a aaa
040 ## - CATALOGING SOURCE
- Original cataloging agency: TR-AnTOB
111 2# - HEADING--MEETING NAME
- Meeting name or jurisdiction name as entry element: Materyal ve Etkinlik Yarışması
- Number of part/section/meeting: (1. :
- Date of meeting: 2016 :
- Location of meeting: Ankara, Turkey)



